000 01265cam a2200349 i 4500
001 bg
003 BPK
005 20221026142635.0
008 000320s1980 pl a |000 0 pol d
015 _aPB 1980/8978
020 _a8320601061
040 _aWA N
_cBPK
041 1 _apol
_hger
080 _a793.7
080 _a004.388.2
100 1 _aGilde, Werner
_d(1920-1991)
_eAutr
245 1 0 _aCiekawe obliczenia na minikalkulatorze /
_cWerner Gilde, Siegfried Altrichter ; z niem. przeł. Jerzy Dreszer.
246 1 _iTyt. oryg.:
_aMehr Spass mit dem Taschenrechner,
_f1978.
260 _aWarszawa :
_bWydaw-a Komunikacji i Łączności,
_c1980.
300 _a245, [3] s. :
_bil. tab. wykr. ;
_c19 cm.
336 _2rdacontent
_aTekst
_btxt
337 _2rdamedia
_aBez urządzenia pośredniczącego
_bn
338 _2rdacarrier
_aWolumin
_bnc
504 _aBibliogr. s. [246].
650 4 _aMaszyny obrachunkowe
650 4 _aGry i zabawy umysłowe
655 4 _aWydawnictwa popularne
700 1 _aAltrichter, Siegfried
_eAutor
700 1 _aDreszer, Jerzy
_d(1917-1986)
_eTłumaczenie
856 _uhttp://koha.tu.koszalin.pl/cgi-bin/koha/opac-detail.pl?biblionumber=21609
_yKatalog online BPK
942 _2UKD
_cKS
999 _c21609
_d21609